000 00420nam a2200157 i 4500
001 100935
003 ES-MaACL
005 20230906182806.0
007 t|
008 051010s1960 sp ||||1| eng d
100 1 _aMaugham, W. Somerset.
_979192
245 1 4 _aThe painted veil /
_cW. Somerset Maugham.
260 _aMadrid :
_bAlhambra,
_c1960.
300 _a238 p. ;
_c19 cm.
852 _aES-MaACL
_jC-21216
_bR.49658
999 _c100935
_d100935